000 00514nam a22001817a 4500
003 CEME
005 20210628202428.0
008 210122b xxu||||| |||| 00| 0 eng d
020 _a81-261-2230-7
040 _c.
082 _a658.1511 PRA
100 _aPrakash, Ved
_936427
245 _aAccounting for managerial decisions management accounting
260 _aNEW DELHI
_bANMOL PUBLICATION
_c2005
300 _aVII,555 P
650 _aACCOUNTING FOR MANAGERS.MANAGEMENT ACCOUNTING.
_959868
942 _cBK
_2ddc
999 _c569747
_d569747